000 00580cam a2200217 4500
001 J834
008 090401t1992 xxu||||| |||| 00| 0 eng d
035 _a(Sirsi) u76996
041 _aeng
050 _a333.0072
110 _aSociety of Property Researchers
_923
245 _aDirectory of property research services.
260 _aLondon
_bSociety of Property Researchers
_c1992
300 _a1v.(loose-leaf) ; 30cm.
350 _a10
650 _aDIRECTORIES
650 _aPROPERTY RESEARCH
690 _aPROPERTY LAW AND PRACTICE
942 _n0
948 _c04/03/1997
999 _c96269
_d96269